000 01781nam a22002897a 4500
001 5491
003 FISKH
005 20241212114531.0
008 241212b cb ||||| |||| 00| 0 eng d
020 _a9781849944021
040 _aFISKH
_beng
_cFISKH
_dFISKH
050 _aE98.B769
082 _a500
100 _aBrown, Matt
245 _aEverything you know about science is wrong /
_cby Matt Brown
260 _aLondon :
_bBatford ;
_c2017.
300 _a175 pages :
_bcolor illustrations ;
_c21 cm .
490 _a Everything you know is wrong
505 _aZ
520 _a"A highly entertaining, myth-busting read for anyone with even a passing interest in science. Hot on the heels of the fascinating compendium Everything You Know About London Is Wrong, this next book in the series, written by author Matt Brown in his trademark humourous style, debunks the scientific myths we all take for granted. Does nothing travel faster than the speed of light? Well, in certain circumstances, a winded tortoise can go faster. Are there actually seven colours in a rainbow? Think again. And our author merrily explains why our hair and nails don't keep growing after we die and why chemicals in our diet might not be the toxic threats we are led to believe. Covering everything from pseudoscience to phenomena of physics, scandals of space and scientific misquotes, Everything You Know About Science is Wrong shatters a range of illusions we have accepted unquestioningly since childhood and demystifies this most puzzling of subjects."--Publisher's description.
521 8 _a900
_bLexile estimate
521 8 _aZ
_bRaz-Plus
650 _adebunking myths
_vNon-fiction
700 _aMulvanny, Sara
_eillustrator
942 _2ddc
_cBK
_n0
999 _c5491
_d5491